[Ekonómia a životné prostredie]
Recenzia na knižnú publikáciu autorky Evy Romančíkovej s názvom Ekonómia a životné prostredie. Vychádza z teoretických poznatkov ekonomickej vedy. Zámerom autorky je premietnuť ekonomické princípy do riadenia životného prostredia a prispieť k širšiemu pochopeniu ekonomických súvislostí v starostliv...
Salvato in:
| Autore principale: | |
|---|---|
| Natura: | Capitolo di libro |
| Lingua: | slovacco |
| Soggetti: | |
| Tags: |
Nessun Tag, puoi essere il primo ad aggiungerne!!
|
MARC
| LEADER | 00000naa a2200000 4500 | ||
|---|---|---|---|
| 001 | 0155428 | ||
| 005 | 20240502072731.2 | ||
| 041 | 0 | |a slo | |
| 044 | |a SK | ||
| 245 | 1 | 0 | |a [Ekonómia a životné prostredie] |c Juraj Válek |
| 520 | |a Recenzia na knižnú publikáciu autorky Evy Romančíkovej s názvom Ekonómia a životné prostredie. Vychádza z teoretických poznatkov ekonomickej vedy. Zámerom autorky je premietnuť ekonomické princípy do riadenia životného prostredia a prispieť k širšiemu pochopeniu ekonomických súvislostí v starostlivosti o životné prostredie. | ||
| 610 | 2 | 0 | |a ekonómia |
| 610 | 2 | 0 | |a prostredie životné |
| 610 | 2 | 0 | |a ochrana prostredia životného |
| 610 | 2 | 0 | |a politika environmentálna |
| 610 | 2 | 0 | |a recenzie |
| 100 | 1 | |a Válek, Juraj, 1981- | |